| 000 | 00709nam a2200253Ia 4500 | ||
|---|---|---|---|
| 003 | AR-BeUNQ | ||
| 005 | 20250530152444.0 | ||
| 008 | 221202s9999 xx 000 0 und d | ||
| 020 | _a9785492955282 | ||
| 040 |
_aAR-BeUNQ _bspa _eaacr _cAR-BeUNQ |
||
| 100 | _aYancey, Rick | ||
| 245 | 0 | _aLa quinta ola | |
| 250 | _a1a ed. | ||
| 260 |
_aCiudad Autónoma de Buenos Aires _bRBA _c2015 |
||
| 300 |
_a474 p. ; _c23 x 15 cm |
||
| 546 | _aEspañol | ||
| 650 |
_2spines _aNarrativa |
||
| 651 |
_2unescot _aArgentina |
||
| 653 | _aCiencia Ficcion | ||
| 653 | _aNarrativa estadounidense | ||
| 700 | _aRamirez Tello, Pilar | ||
| 929 |
_bCampaña 2022 UNQ _e2022 _aDONACION _fPAT0081592 _d0 _j59721 |
||
| 942 |
_cLIB _n0 |
||
| 999 |
_c650 _d650 |
||